Diario del viaje que hizo a la América en el siglo XVIII el P. Fray Francisco de Ajofrin. (Record no. 7800)

MARC details
000 -CABECERA
campo de control de longitud fija 01110nam a2200289 a 4500
001 - NÚMERO DE CONTROL
campo de control BRCA_8132
005 - FECHA Y HORA DE LA ÚLTIMA TRANSACCIÓN
campo de control 20190320210139.0
008 - DATOS DE LONGITUD FIJA--INFORMACIÓN GENERAL
campo de control de longitud fija 110414s1964----mx-a###f##---#000-0#spa-#
041 ## - CÓDIGO DE LENGUA
Código de lengua del texto/banda sonora o título independiente spa
044 ## - CÓDIGO DEL PAÍS DE LA ENTIDAD EDITORA/PRODUCTORA
Código MARC del país mx
050 #4 - SIGNATURA TOPOGRÁFICA DE LA BIBLIOTECA DEL CONGRESO
Número de clasificación F1211
Número de documento/Ítem .D53 2
-- 1964
245 10 - MENCIÓN DE TÍTULO
Título Diario del viaje que hizo a la América en el siglo XVIII el P. Fray Francisco de Ajofrin.
260 ## - PUBLICACIÓN, DISTRIBUCIÓN, ETC.
Lugar de publicación, distribución, etc. México
Nombre del editor, distribuidor, etc. Instituto Cultural Hispano Mexicano
Fecha de publicación, distribución, etc. 1964
300 ## - DESCRIPCIÓN FÍSICA
Extensión 2 v. (paginación variada)
Otras características físicas il.
Dimensiones 20 cm.
500 ## - NOTA GENERAL
Nota general Y210
500 ## - NOTA GENERAL
Nota general Ejemplares iguales a número de sistema 6578 de la colección Dra. Elsa Barberena
500 ## - NOTA GENERAL
Nota general Dos volúmenes inventariados como un solo libro
500 ## - NOTA GENERAL
Nota general Material inventariado por el Banco de México
600 14 - PUNTO DE ACCESO ADICIONAL DE MATERIA--NOMBRE DE PERSONA
Nombre de persona Ajofrin, Francisco de
Títulos y otros términos asociados al nombre Fray
Fechas asociadas al nombre 1719-1789
Subdivisión de forma Diarios
9 (RLIN) 16409
610 24 - PUNTO DE ACCESO ADICIONAL DE MATERIA--NOMBRE DE ENTIDAD CORPORATIVA
Nombre de entidad corporativa o nombre de jurisdicción como elemento de entrada Iglesia católica
Subdivisión de forma Diarios
Subdivisión general Clero
Subdivisión geográfica México
9 (RLIN) 16410
650 14 - PUNTO DE ACCESO ADICIONAL DE MATERIA--TÉRMINO DE MATERIA
Término de materia o nombre geográfico como elemento de entrada Diarios
Subdivisión de forma Descripción y viajes
Subdivisión geográfica México
9 (RLIN) 20255
650 14 - PUNTO DE ACCESO ADICIONAL DE MATERIA--TÉRMINO DE MATERIA
Término de materia o nombre geográfico como elemento de entrada Diarios
Subdivisión de forma Siglo XVIII
Subdivisión geográfica México
9 (RLIN) 20256
650 14 - PUNTO DE ACCESO ADICIONAL DE MATERIA--TÉRMINO DE MATERIA
Término de materia o nombre geográfico como elemento de entrada Diarios
Subdivisión de forma Vida social y costumbres
Subdivisión geográfica México
9 (RLIN) 20257
650 14 - PUNTO DE ACCESO ADICIONAL DE MATERIA--TÉRMINO DE MATERIA
Término de materia o nombre geográfico como elemento de entrada Diarios
Subdivisión geográfica América
9 (RLIN) 20258
902 ## - CATALOGADOR
Iniciales GFM
942 ## - ELEMENTOS DE PUNTO DE ACCESO ADICIONAL (KOHA)
Fuente del sistema de clasificación o colocación Library of Congress Classification
Tipo de ítem Koha Libros
Holdings
Estado de retiro Estado de pérdida Estado dañado No para préstamo Localización permanente Ubicación/localización actual Fecha de adquisición Número de inventario Total de préstamos Signatura topográfica completa Código de barras Fecha visto por última vez Precio válido a partir de Tipo de ítem Koha
El ejemplar forma parte de la colección y puede ser consultado según las políticas vigentes.       Biblioteca del Museo Franz Mayer (Rogerio Casas-Alatriste) Biblioteca del Museo Franz Mayer (Rogerio Casas-Alatriste) 11/04/2014 Y210   F1211 .D53 2 1964 (Y210) 8756 22/03/2019 22/03/2019 Libros